00699cam a22002052 4500001001100000005001700011008004100028020001700069040001500086100003600101245012600137250001300263260003500276300002700311650003600338650005000374700003400424700003200458852000300490000001946820151021151134.0101207s xx 000 0 eng d a0077137236 : aKABUcKABU1 aThompson, Arthur A.@000015757510aCrafting and executing strategy, the quest for competitive advantage :bconcepts & cases /cArthur A. Thompson... [et al] a17th ed. aBoston :b McGraw-Hill,c2010. a1 v. (various pagings) 0aStrategic planning.@0000150576 0aStrategic planningxCase studies.@00001505861 aStrickland, A. J.@00001575741 aGamble, John E.@00001791811